000 00708nam a2200229Ia 4500
001 16179
003 GE_BSU
008 181216s||||||||xx |||||||||||||| ||und||
040 _cGE_BSU
080 _a821.353.1-31
100 _aჯაყელი, ჯემალ
245 _aგულის საუნჯე. წ. 2.
245 _bრომანი
245 _cრედ. ც.წუწუნავა. მხ. ლ.სეიდიშვილი
260 _aბათუმი
260 _b[აჭარის] სახელგამი
260 _c1961
300 _a203 გვ.21 სმ.
653 _aგულის საუნჯე
653 _aრომანი
942 _cBK
999 _c49264
_d49264